Statistiques concernant LOSC ou RC Lens ? Rivalités #4

Cliquez ici pour prendre le quiz!

Statistiques générales

  • Ce quiz a été pris 416 fois
  • Le résultat moyen est 10 sur 12

Statistiques - réponses

QuestionRéponse% Correct
Quelle équipe est surnommée les Sang et Or ?RC Lens
99%
Lequel est en phase de groupes de Ligue des Champions cette saison (2023/24) ?RC Lens
98%
Lequel a déjà compté dans ses rangs Rafael Leão, Victor Osimhen et Eden Hazard ?Lille OSC
97%
Lequel joue au Stade Pierre-Mauroy ?Lille OSC
97%
Dans le stade du quel peut on entendre le chant « Les Corons » ?RC Lens
97%
Lequel a remporté le plus de Ligue 1 ?Lille OSC
93%
Lequel se situe dans le département numéro 62 ?RC Lens
90%
Lequel a le plus de participations en Coupe d’Europe ?Lille OSC
87%
Lequel est le plus ancien ?RC Lens
74%
Lequel a déjà été coaché par Guy Roux ?RC Lens
71%
Lequel a déjà remporté la Coupe de France ?Lille OSC
58%
Lequel a la fleur de lys sur son blason ?Les deux
11%

Distribution des résultats

Percentile par nombre de réponses

% des personnes avec chaque résultat

Votre développement - résultats

Vous n’avez pas pris ce quiz